Sports Quiz

Random Sports or Cricket Quiz

Cricket Top Ashes Run Scorers (All-Time) Quiz Stats

 Plays Quiz Updated Jun 30, 2017

Support Sporcle.
Go Orange.
Score 0/40 Timer 08:00
3 Plays Today
Runs Player % Correct
5,028Donald Bradman
90.1%
2,010*Alastair Cook
89.8%
2,476Ricky Ponting
88.4%
3,173Steve Waugh
76.6%
2,204Mark Waugh
76.1%
2,158Kevin Pietersen
70.6%
2,213*Michael Clarke
70.3%
2,436Graham Gooch
68.3%
1,960*Ian Bell
66.4%
3,222Alan Border
62.2%
3,037David Gower
59.5%
1,900Michael Atherton
55.6%
2,579Geoff Boycott
54.5%
1,810Alec Stewart
47.8%
2,496Mark Taylor
47.5%
3,636Jack Hobbs
43%
2,428Leonard Hutton
42.7%
2,041David Boon
42.1%
2,852Wally Hammond
41.4%
2,154Greg Chappell
39.9%
Runs Player % Correct
1,986Ian Chappell
39.8%
2,433Colin Cowdrey
30%
1,842Denis Compton
29%
2,111Ken Barrington
24.6%
2,741Herbert Sutcliffe
24.5%
2,644John Edrich
23.2%
2,416Neil Harvey
19.7%
2,223Bill Lawry
17%
1,911Doug Walters
14.3%
2,263Victor Trumper
14.1%
2,080Arthur Morris
10.8%
1,931Stan McCabe
8.2%
1,706Wilfred Rhodes
7.9%
2,660Clem Hill
7.8%
2,172Warwick Armstrong
7.2%
1,740Patsy Hendren
5.4%
2,193Syd Gregory
4.4%
1,905Monty Noble
4.4%
1,931Archie MacLaren
3%
1,747Tom Hayward
2.5%

You're not logged in!

Compare scores with friends on all Sporcle quizzes.
OR
Log In
Forgot?

From the Vault

'Little' Song Titles

by JoeBeta

And they're all made out of ticky tacky, and they all look just the same.
Remove Ads.
Support Sporcle.
Get the best of Sporcle when you Go Orange. This ad-free experience offers more features, more stats, and more fun while also helping to support Sporcle. Thank you for becoming a member.

Show Comments

Extras

Top Quizzes Today


Score Distribution

Your Account Isn't Verified!

In order to create a playlist on Sporcle, you need to verify the email address you used during registration. Go to your Sporcle Settings to finish the process.

Report this User

Report this user for behavior that violates our Community Guidelines.

Details: